Statistics for Top 10 people born in 2001

Click here to take the quiz!

General Stats

  • This quiz has been taken 18 times
  • The average score is 4 of 10

Answer Stats

HintAnswer% Correct
Dance MomsChloe Lukasiak
81%
Dance MomsNia Frazier
81%
Girl Meets WorldRowan Blanchard
75%
The ThundermansDiego Velazquez
31%
Liv & MaddieTenzing Trainor
31%
Youtube DancerAutumn Miller
19%
Growing Up FisherIsabela Moner
19%
YoutuberCarson Lueders
13%
The Best Man HolidayRiele Downs
13%
YoutuberTayvion Power
6%

Score Distribution

Percentile by Number Answered

Percent of People with Each Score

Your Score History

You have not taken this quiz